000 00367nam a2200133Ia 4500
005 20251222143134.0
008 251222s9999||||xx |||||||||||||| ||spa||
020 _a84-7914-214-6
082 _a267.2/A32
100 _aAguilar, Fernando Sebastian
245 0 _aEscritos sobre la fe, la Iglesia y el hombre
264 _bBiblioteca de Autores Cristianos
942 _cLIB
999 _c12034
_d12034